Postgrau en Teatre i Educació : 2014-2015 / 2014-2015 /
Descripción Física:
1 díptic ; 15 x 21 cm
Idioma:
Catalán
MARC
| LEADER | 00000nam a22000007a 4500 | ||
|---|---|---|---|
| 001 | 27874 | ||
| 003 | Arxiu | ||
| 005 | 20260324181516.0 | ||
| 008 | 230516b spa||||| |||| 00| 0 cat d | ||
| 017 | |a B 12320-2014 | ||
| 040 | |a agdb |b cat | ||
| 245 | |a Postgrau en Teatre i Educació : |b 2014-2015 / |c Institut del Teatre. Centre de Vic | ||
| 260 | |a Barcelona : |b Diputació de Barcelona : |b Institut del Teatre ; |c 2014 | ||
| 300 | |a 1 díptic ; |c 15 x 21 cm | ||
| 610 | 2 | 0 | |9 53086 |a Institut del Teatre (Barcelona, Catalunya) |x Currículums |
| 650 | 0 | |2 Arxiu |9 30511 |a Teatre |x Ensenyament | |
| 710 | 1 | |9 52662 |a Institut del Teatre (Barcelona, Catalunya) | |
| 942 | |2 udc |c ARXIU |n 1 | ||
| 952 | |0 0 |1 0 |2 udc |4 0 |6 FU7598 |7 1 |9 66343 |a Arxiu |b Arxiu |d 2023-05-16 |l 0 |o FU-75-98 |p 27874 |r 2023-05-16 00:00:00 |w 2023-05-16 |y ARXIU | ||
| 999 | |c 83460 |d 83460 | ||